000 00584nam a2200193 a 4500
001 000010720
005 20240412074220.0
008 091009s1984 dr r 001 p spa d
040 _aDO-SdBNP
_bspa
_cBNPHU
082 _aRD861.44
_bM539v
100 1 _aMendoza, Oscar
_925933
245 1 0 _aVida y sentimientos :
_bpoemas /
_cOscar Mendoza.
260 _aSanto Domingo :
_bTaller,
_c1984.
300 _a55 p. ;
_c20 cm.
590 _aInventariado, 2018/BT
650 0 _aPoesía dominicana
_966
650 0 _aLiteratura dominicana.
_967
910 _aValidado. Control de calidad. MMOLINA
999 _c10475
_d10475